00399nam a2200109Ia 4500008004100000100001700041245009800058260002700156942000700183999001500190952008400205201231s9999 xx 000 0 und d aFoster, Bill 0aCoaching for peak employee performance: A Practical guide to supporting employeee development aNew DelhibWheeler pub cBK c9744d9744 00104070aCLd2020-12-31o658.3124 F7541pPM05261r2020-12-31w2020-12-31yBK